Normal view
MARC view
Entry Personal Name
001 - CONTROL NUMBER
- control field: 31212
003 - CONTROL NUMBER IDENTIFIER
- control field: OSt
005 - DATE AND TIME OF LATEST TRANSACTION
- control field: 20260410052636.0
008 - FIXED-LENGTH DATA ELEMENTS
- fixed length control field: 260410|| aca||aabn | a|a d
040 ## - CATALOGING SOURCE
- Original cataloging agency: OSt
- Transcribing agency: OSt
100 ## - HEADING--PERSONAL NAME
- Personal name: Singh, Vandana
670 ## - SOURCE DATA FOUND
- Source citation: Work cat.: (OSt)48162: Singh, Vandana, Women in Panchayati Raj :, 2026.


